[Event "CZE-chT2D 2223"]
[Site "Czech Republic"]
[Date "2023.02.05"]
[Round "8.8"]
[White "Stodola, Marek"]
[Black "Novak, Ludek"]
[Result "1-0"]
[WhiteElo "1962"]
[BlackElo "1897"]
[PlyCount "61"]
[EventDate "2022.10.16"]
[EventType "team-tourn"]
[EventRounds "11"]
[EventCountry "CZE"]
[SourceTitle "EXT 2024"]
[Source "ChessBase"]
[SourceDate "2023.10.10"]
[SourceVersion "1"]
[SourceVersionDate "2023.10.10"]
[SourceQuality "1"]
[WhiteTeam "Policka Stefanydes"]
[BlackTeam "Lipa"]
[WhiteTeamCountry "CZE"]
[BlackTeamCountry "CZE"]

1. d4 g6 2. c4 Bg7 3. Nc3 c5 4. d5 d6 5. e4 Nf6 6. Nf3 0-0 7. h3 e6 8. Be2 exd5 9. exd5 Re8 10. 0-0 a6 11. a4 Nbd7 12. Bf4 Qc7 13. Qd2 b6 14. Rfe1 Bb7 15. Bd3 Nh5 16. Bh2 Ne5 17. Nxe5 Bxe5 18. g4 Bxh2+ 19. Kxh2 Nf6 20. g5 Nh5 21. Be2 Rxe2 22. Rxe2 Qd7 23. Ne4 Re8 24. Nf6+ Nxf6 25. gxf6 Rxe2 26. Qxe2 Bc8 27. Ra3 h5 28. Qe3 Kh7 29. Qe7 g5 30. Qf8 Kg6 31. Rf3 1-0

[Event "CZE-chT2D 2223"]
[Site "Czech Republic"]
[Date "2022.12.18"]
[Round "5.7"]
[White "Novak, Ludek"]
[Black "Kulhanek, Jachym"]
[Result "0-1"]
[WhiteElo "1897"]
[BlackElo "1942"]
[PlyCount "90"]
[EventDate "2022.10.16"]
[EventType "team-tourn"]
[EventRounds "11"]
[EventCountry "CZE"]
[SourceTitle "EXT 2024"]
[Source "ChessBase"]
[SourceDate "2023.10.10"]
[SourceVersion "1"]
[SourceVersionDate "2023.10.10"]
[SourceQuality "1"]
[WhiteTeam "Lipa"]
[BlackTeam "Polabiny IV"]
[WhiteTeamCountry "CZE"]
[BlackTeamCountry "CZE"]

1. d4 Nf6 2. c4 e6 3. Nf3 d5 4. Nc3 Be7 5. Bg5 0-0 6. e3 h6 7. Bh4 b6 8. cxd5 exd5 9. Bd3 Bb7 10. 0-0 Ne4 11. Bxe7 Qxe7 12. Rc1 Nd7 13. Qe2 f5 14. a3 c5 15. Ba6 Bxa6 16. Qxa6 Nxc3 17. Rxc3 g5 18. Qd3 c4 19. Qc2 b5 20. Qd1 a5 21. Rc1 Ra6 22. Nd2 Nf6 23. Qe2 Rb6 24. Nf3 Nd7 25. Nd2 b4 26. axb4 Rxb4 27. b3 cxb3 28. Qa6 a4 29. Rc7 Kg7 30. Qc6 Rf7 31. Qc3 Rb6 32. Qa5 Qb4 33. Qxd5 Rd6 34. Qa8 Qxd2 35. Qxa4 Qa2 36. Qc4 Qc2 37. Qxc2 bxc2 38. Rxc2 Re7 39. h4 gxh4 40. Rfc1 Nf6 41. Rc6 Red7 42. R1c5 Kg6 43. Rc8 Ra7 44. Rb5 Ra1+ 45. Kh2 Ng4+ 0-1

[Event "CZE-chT2D 2223"]
[Site "Czech Republic"]
[Date "2022.10.16"]
[Round "1.7"]
[White "Novak, Ludek"]
[Black "Danek, Pavel"]
[Result "1/2-1/2"]
[WhiteElo "1897"]
[BlackElo "1812"]
[PlyCount "49"]
[EventDate "2022.10.16"]
[EventType "team-tourn"]
[EventRounds "11"]
[EventCountry "CZE"]
[SourceTitle "EXT 2024"]
[Source "ChessBase"]
[SourceDate "2023.10.10"]
[SourceVersion "1"]
[SourceVersionDate "2023.10.10"]
[SourceQuality "1"]
[WhiteTeam "Lipa"]
[BlackTeam "Vysoke Myto"]
[WhiteTeamCountry "CZE"]
[BlackTeamCountry "CZE"]

1. d4 d5 2. c4 e6 3. Nc3 c6 4. Nf3 f5 5. g3 Nf6 6. Bg2 Be7 7. 0-0 0-0 8. b3 Bd7 9. Bb2 Be8 10. Qc2 Ne4 11. Ne5 Nd7 12. Nxd7 Bxd7 13. Rad1 Bd6 14. Nxe4 fxe4 15. f3 exf3 16. Bxf3 Qg5 17. Bc1 Bf4 18. Bxf4 Rxf4 19. Qd2 Rf5 20. Qxg5 Rxg5 21. Bg2 Rf8 22. Rf4 Rgf5 23. Rdf1 Rxf4 24. Rxf4 Rf6 25. Kf2 1/2-1/2

[Event "Hradec Kralove Region-chT 2223"]
[Site "Czech Republic"]
[Date "2022.10.09"]
[Round "1.3"]
[White "Rokos, Filip"]
[Black "Novak, Ludek"]
[Result "1-0"]
[WhiteElo "2054"]
[BlackElo "1897"]
[PlyCount "59"]
[EventDate "2022.10.09"]
[EventType "team-tourn"]
[EventRounds "11"]
[EventCountry "CZE"]
[SourceTitle "EXT 2024"]
[Source "ChessBase"]
[SourceDate "2023.10.10"]
[SourceVersion "1"]
[SourceVersionDate "2023.10.10"]
[SourceQuality "1"]

1. e4 c5 2. Nf3 g6 3. d4 cxd4 4. Nxd4 Bg7 5. Nc3 d6 6. Be3 Nc6 7. Bc4 Nf6 8. f3 0-0 9. Bb3 Bd7 10. Qd2 Rc8 11. 0-0-0 Ne5 12. Kb1 Nc4 13. Bxc4 Rxc4 14. g4 b5 15. h4 Rxc3 16. Qxc3 h5 17. gxh5 Nxh5 18. Qd2 Qc7 19. Bh6 Rc8 20. Bxg7 Kxg7 21. Nf5+ Bxf5 22. exf5 Ng3 23. Rhg1 Nxf5 24. h5 a5 25. hxg6 fxg6 26. Qd3 Qc5 27. Rg5 Kf6 28. Rdg1 Rg8 29. Qe4 Qc8 30. Qg4 1-0

[Event "Pardubice Czech op-E 32nd"]
[Site "Pardubice"]
[Date "2021.07.18"]
[Round "6.3"]
[White "Vojta, Tomas"]
[Black "Novak, Ludek"]
[Result "1-0"]
[WhiteElo "2317"]
[BlackElo "1966"]
[PlyCount "69"]
[EventDate "2021.07.15"]
[EventType "team-swiss"]
[EventRounds "7"]
[EventCountry "CZE"]
[SourceTitle "CBM 203 Extra"]
[Source "ChessBase"]
[SourceDate "2021.09.30"]
[SourceVersion "1"]
[SourceVersionDate "2021.09.30"]
[SourceQuality "1"]
[WhiteTeam "Brno Moravska Slavia"]
[BlackTeam "Lipa"]
[WhiteTeamCountry "CZE"]
[BlackTeamCountry "CZE"]

1. e4 c5 2. f4 Nc6 3. Nf3 g6 4. Bb5 Bg7 5. 0-0 e6 6. Bxc6 bxc6 7. e5 Ne7 8. d3 d5 9. exd6 Qxd6 10. Nc3 0-0 11. Ne4 Qb8 12. Kh1 c4 13. d4 Nd5 14. Ne5 a5 15. c3 f6 16. Nxc4 Ba6 17. b3 Re8 18. Bd2 a4 19. Nc5 axb3 20. axb3 Bxc4 21. bxc4 Nb6 22. Qb3 Rxa1 23. Rxa1 Qc7 24. h3 Nd7 25. Nxd7 Qxd7 26. Qb6 Qd6 27. Ra7 Rb8 28. c5 Rxb6 29. cxd6 Rb8 30. c4 f5 31. Bc3 c5 32. Rxg7+ Kxg7 33. dxc5+ Kf7 34. c6 Ke8 35. Bf6 1-0

[Event "CZE-chT2D 1920"]
[Site "Czech Republic"]
[Date "2020.06.28"]
[Round "11.4"]
[White "Novak, Ludek"]
[Black "Kracik, Tomas"]
[Result "0-1"]
[WhiteElo "1987"]
[BlackElo "2231"]
[PlyCount "80"]
[EventDate "2019.10.13"]
[EventType "team-tourn"]
[EventRounds "11"]
[EventCountry "CZE"]
[SourceTitle "EXT 2024"]
[Source "ChessBase"]
[SourceDate "2023.10.10"]
[SourceVersion "1"]
[SourceVersionDate "2023.10.10"]
[SourceQuality "1"]
[WhiteTeam "Lipa"]
[BlackTeam "Hradec Kralove Slavia"]
[WhiteTeamCountry "CZE"]
[BlackTeamCountry "CZE"]

1. d4 e6 2. c4 b6 3. Nf3 Bb7 4. g3 Nf6 5. Bg2 c5 6. 0-0 Be7 7. Nc3 0-0 8. d5 exd5 9. cxd5 d6 10. e4 Qc7 11. Bf4 Nh5 12. Be3 a6 13. a4 Nd7 14. Nd2 g6 15. f4 Bf6 16. Qb3 Rab8 17. Qc2 Rfe8 18. Rae1 Bg7 19. Nc4 Bc8 20. Kh1 b5 21. axb5 axb5 22. Nd2 Nhf6 23. Bh3 b4 24. Ne2 Nxd5 25. Bf2 N5f6 26. Ra1 Bb7 27. Bg2 Ra8 28. Rfd1 Ng4 29. Bg1 Nb6 30. h3 Nf6 31. Nd4 Qd7 32. N4b3 Rxa1 33. Rxa1 Qe6 34. Ra7 Bxe4 35. Nxe4 Nxe4 36. Kh2 Qc4 37. Qd1 Bxb2 38. Rb7 Qd5 39. Qxd5 Nxd5 40. Rd7 Ndf6 0-1

[Event "CZE-chT2C 1819"]
[Site "Czech Republic"]
[Date "2019.01.27"]
[Round "7.7"]
[White "Bargel, Martin"]
[Black "Novak, Ludek"]
[Result "1-0"]
[WhiteElo "2117"]
[BlackElo "1948"]
[PlyCount "109"]
[EventDate "2018.10.14"]
[EventType "team-tourn"]
[EventRounds "11"]
[EventCountry "CZE"]
[SourceTitle "EXT 2022"]
[Source "ChessBase"]
[SourceDate "2021.10.06"]
[SourceVersion "1"]
[SourceVersionDate "2021.10.06"]
[SourceQuality "1"]
[WhiteTeam "Neratovice II"]
[BlackTeam "Lipa"]
[WhiteTeamCountry "CZE"]
[BlackTeamCountry "CZE"]

1. e4 c5 2. Nf3 d6 3. d4 cxd4 4. Nxd4 Nf6 5. Nc3 g6 6. Be3 Bg7 7. Be2 Nc6 8. Qd2 0-0 9. 0-0-0 Ng4 10. Bxg4 Bxg4 11. f3 Bd7 12. Kb1 Ne5 13. b3 b5 14. h4 a5 15. h5 a4 16. Bh6 Bh8 17. Rh2 axb3 18. cxb3 Nc6 19. Nce2 Re8 20. Rdh1 Qa5 21. Nxc6 Qxd2 22. Bxd2 Bxc6 23. hxg6 fxg6 24. Rxh7 Be5 25. Bc3 b4 26. Bxe5 dxe5 27. Kb2 Rad8 28. Kc2 Bb5 29. Nc1 Rc8+ 30. Kb2 Rcd8 31. Kc2 Rc8+ 32. Kb1 Rc7 33. Rh8+ Kf7 34. Rxe8 Kxe8 35. Rd1 Rd7 36. Rxd7 Kxd7 37. Kc2 Bf1 38. g3 Bg2 39. Nd3 Kd6 40. Ne1 Bf1 41. Kd2 g5 42. Nd3 Bxd3 43. Kxd3 Kc5 44. Ke3 Kd6 45. Kd2 Kc6 46. Kc2 Kc5 47. Kb2 Kd4 48. a4 bxa3+ 49. Kxa3 g4 50. fxg4 Kxe4 51. g5 Kf5 52. Kb2 Kxg5 53. Kc2 Kg4 54. Kd2 Kxg3 55. Ke3 1-0

[Event "CZE-chT2D 1718"]
[Site "Czech Republic"]
[Date "2018.01.14"]
[Round "6.7"]
[White "Hospodka, Josef"]
[Black "Novak, Ludek"]
[Result "1/2-1/2"]
[WhiteElo "1949"]
[BlackElo "1932"]
[PlyCount "98"]
[EventDate "2017.10.15"]
[EventType "team-tourn"]
[EventRounds "11"]
[EventCountry "CZE"]
[SourceTitle "EXT 2022"]
[Source "ChessBase"]
[SourceDate "2021.10.06"]
[SourceVersion "1"]
[SourceVersionDate "2021.10.06"]
[SourceQuality "1"]
[WhiteTeam "Chotebor"]
[BlackTeam "Lipa"]
[WhiteTeamCountry "CZE"]
[BlackTeamCountry "CZE"]

1. e4 c5 2. Nc3 Nc6 3. Nge2 g6 4. d4 cxd4 5. Nxd4 Bg7 6. Nde2 Nf6 7. g3 0-0 8. Bg2 d6 9. h3 Bd7 10. 0-0 Rc8 11. Nd5 a6 12. a4 Nxd5 13. exd5 Nb8 14. Ra2 e5 15. dxe6 Bxe6 16. b3 Qe7 17. Ba3 Rfd8 18. c4 Qd7 19. Nf4 b5 20. cxb5 axb5 21. a5 Rc3 22. Nd5 Bxd5 23. Qxd5 Qe6 24. Rb1 Qxd5 25. Bxd5 Rd3 26. Bb7 Bd4 27. Bb4 Rxg3+ 28. Kh2 Rg5 29. a6 Ba7 30. f4 Rf5 31. Kg3 d5 32. Re1 Rf6 33. Be7 Re8 34. Bxd5 Rxa6 35. Rxa6 Nxa6 36. Bc6 Rc8 37. Bf6 Nb8 38. Bxb5 Bc5 39. Bc4 Nd7 40. Bb2 Nb6 41. Bb5 Nd5 42. Rc1 Nb6 43. Ba6 Rc7 44. b4 Bd6 45. Rxc7 Bxc7 46. Bb7 Kf8 47. Bf6 Ke8 48. Bc6+ Kf8 49. b5 Nc8 1/2-1/2

[Event "CZE-chT2D 1718"]
[Site "Czech Republic"]
[Date "2017.10.15"]
[Round "1.6"]
[White "Novak, Ludek"]
[Black "Bradac, Roman"]
[Result "1/2-1/2"]
[WhiteElo "1932"]
[BlackElo "2027"]
[PlyCount "89"]
[EventDate "2017.10.15"]
[EventType "team-tourn"]
[EventRounds "11"]
[EventCountry "CZE"]
[SourceTitle "EXT 2022"]
[Source "ChessBase"]
[SourceDate "2021.10.06"]
[SourceVersion "1"]
[SourceVersionDate "2021.10.06"]
[SourceQuality "1"]
[WhiteTeam "Lipa"]
[BlackTeam "Dalesice Pivovar"]
[WhiteTeamCountry "CZE"]
[BlackTeamCountry "CZE"]

1. d4 Nf6 2. c4 e6 3. Nf3 Bb4+ 4. Bd2 Qe7 5. g3 0-0 6. Bg2 Bxd2+ 7. Nbxd2 d6 8. 0-0 e5 9. dxe5 dxe5 10. Qc2 Nc6 11. e3 Bg4 12. a3 a5 13. Qc3 Rad8 14. b4 axb4 15. axb4 Qxb4 16. Qxb4 Nxb4 17. Ra7 c5 18. Nb3 Bxf3 19. Bxf3 e4 20. Bg2 b6 21. Rb7 Rb8 22. Rxb8 Rxb8 23. Nd2 Re8 24. Ra1 g6 25. h3 Nd3 26. Rb1 Re6 27. Ra1 Ne5 28. Ra4 Nc6 29. Kf1 Na5 30. Ke2 Kf8 31. h4 h5 32. Ra1 Ke7 33. Rd1 Nb7 34. Ra1 Nd6 35. Bh3 Ng4 36. Ra6 Ne8 37. Nb1 f5 38. Bxg4 fxg4 39. Nc3 Nc7 40. Ra1 Kd6 41. Rd1+ Ke5 42. Rd7 Na6 43. Nd5 Nb4 44. Nxb4 cxb4 45. Rd5+ 1/2-1/2

[Event "Hradec Kralove op 8th"]
[Site "Hradec Kralove"]
[Date "2017.10.04"]
[Round "5"]
[White "Novak, Ludek"]
[Black "Grela, Kacper"]
[Result "0-1"]
[WhiteElo "1932"]
[BlackElo "2274"]
[PlyCount "59"]
[EventDate "2017.10.01"]
[EventType "swiss"]
[EventRounds "9"]
[EventCountry "CZE"]
[SourceTitle "CBM 181 Extra"]
[Source "ChessBase"]
[SourceDate "2017.12.12"]
[SourceVersion "1"]
[SourceVersionDate "2017.12.12"]
[SourceQuality "1"]

1. d4 Nf6 2. c4 e6 3. Nf3 Bb4+ 4. Bd2 Qe7 5. e3 0-0 6. Bd3 b6 7. a3 Bxd2+ 8. Nbxd2 d6 9. 0-0 Nbd7 10. e4 e5 11. d5 Nh5 12. g3 g6 13. Nh4 Ng7 14. Ng2 f5 15. f4 Nc5 16. Bc2 Nxe4 17. Nxe4 fxe4 18. Qe2 exf4 19. Rxf4 Rxf4 20. Nxf4 Bf5 21. Re1 Re8 22. Qg2 Qe5 23. Bb3 g5 24. Ne6 Nxe6 25. dxe6 Qc5+ 26. Kh1 Rxe6 27. Qf1 e3 28. h4 e2 29. Qg1 g4 30. Kg2 0-1

[Event "CZE-chT2D 1617"]
[Site "Czech Republic"]
[Date "2017.02.12"]
[Round "8.8"]
[White "Ptacek, Lubos"]
[Black "Novak, Ludek"]
[Result "1/2-1/2"]
[WhiteElo "2122"]
[BlackElo "1929"]
[PlyCount "110"]
[EventDate "2016.10.09"]
[EventType "team-tourn"]
[EventRounds "11"]
[EventCountry "CZE"]
[SourceTitle "EXT 2022"]
[Source "ChessBase"]
[SourceDate "2021.10.06"]
[SourceVersion "1"]
[SourceVersionDate "2021.10.06"]
[SourceQuality "1"]
[WhiteTeam "Vysoke Myto"]
[BlackTeam "Lipa"]
[WhiteTeamCountry "CZE"]
[BlackTeamCountry "CZE"]

1. e4 c5 2. Nf3 d6 3. d4 cxd4 4. Nxd4 Nf6 5. Nc3 g6 6. Be2 Bg7 7. Be3 Nc6 8. 0-0 0-0 9. f4 d5 10. e5 Ne4 11. Nxe4 dxe4 12. Nxc6 bxc6 13. Qxd8 Rxd8 14. Rfd1 Be6 15. Rxd8+ Rxd8 16. Bxa7 f6 17. exf6 Bxf6 18. Be3 Bxb2 19. Rb1 Bd4 20. Kf2 Bxa2 21. Rb7 Kf7 22. Bxd4 Rxd4 23. Ke3 Ra4 24. Rb6 Bd5 25. g4 c5 26. Rb5 Ra3+ 27. Kd2 e3+ 28. Kc1 Ra1+ 29. Kb2 Re1 30. Rxc5 Rxe2 31. Rxd5 Rxh2 32. Re5 e2 33. Kc3 Rg2 34. g5 Rf2 35. Re4 e1Q+ 36. Rxe1 Rxf4 37. Rg1 e5 38. Kd3 Rd4+ 39. Ke3 Ke6 40. Rh1 Kf5 41. Rxh7 Kxg5 42. Re7 Kf5 43. Rf7+ Kg4 44. Rc7 Rd1 45. c4 g5 46. c5 Kg3 47. Re7 Rd5 48. c6 Rc5 49. c7 g4 50. Rg7 Kh3 51. Kf2 Rc2+ 52. Ke3 g3 53. Kf3 Rc3+ 54. Ke4 Rc5 55. Kf3 Rc3+ 1/2-1/2

[Event "CZE-chT2D 1516"]
[Site "Czech Republic"]
[Date "2016.02.07"]
[Round "7.8"]
[White "Pulpan, Matej"]
[Black "Novak, Ludek"]
[Result "1-0"]
[WhiteElo "1923"]
[BlackElo "1930"]
[PlyCount "103"]
[EventDate "2015.10.18"]
[EventType "team-tourn"]
[EventRounds "11"]
[EventCountry "CZE"]
[SourceTitle "EXT 2022"]
[Source "ChessBase"]
[SourceDate "2021.10.06"]
[SourceVersion "1"]
[SourceVersionDate "2021.10.06"]
[SourceQuality "1"]
[WhiteTeam "Polabiny III"]
[BlackTeam "Lipa ZVU Engineering"]
[WhiteTeamCountry "CZE"]
[BlackTeamCountry "CZE"]

1. e4 c5 2. c3 Qa5 3. Nf3 Nc6 4. Be2 g6 5. 0-0 Bg7 6. d3 e6 7. Nbd2 d6 8. Nb3 Qc7 9. d4 cxd4 10. cxd4 Nge7 11. Bf4 0-0 12. Rc1 e5 13. Be3 Qd8 14. d5 Na5 15. Nfd2 Nxb3 16. Qxb3 f5 17. f3 fxe4 18. Nxe4 Nf5 19. Bf2 Nd4 20. Bxd4 exd4 21. Qb4 Bf5 22. Qxb7 Rf7 23. Qa6 Be5 24. Bd3 Bxe4 25. Bxe4 Qh4 26. h3 Qg3 27. Rc8+ Rxc8 28. Qxc8+ Kg7 29. Qg4 Qxg4 30. hxg4 d3 31. Bxd3 Bxb2 32. g3 g5 33. f4 gxf4 34. gxf4 h6 35. Kg2 Bd4 36. Bf5 Re7 37. Be6 Rc7 38. Kf3 Rc2 39. a4 Ra2 40. Bd7 Ra3+ 41. Ke4 Bb6 42. Kf5 Bc5 43. Rb1 Re3 44. Be6 Bb6 45. a5 Bxa5 46. Rb7+ Kf8 47. Rxa7 Bb6 48. Rd7 Bc5 49. Rh7 Rh3 50. Kg6 Be3 51. f5 Rf3 52. f6 1-0

[Event "CZE-chT2D 1516"]
[Site "Czech Republic"]
[Date "2015.12.06"]
[Round "4.8"]
[White "Novak, Ludek"]
[Black "Bulockin, Martin"]
[Result "0-1"]
[WhiteElo "1930"]
[BlackElo "1941"]
[PlyCount "114"]
[EventDate "2015.10.18"]
[EventType "team-tourn"]
[EventRounds "11"]
[EventCountry "CZE"]
[SourceTitle "EXT 2022"]
[Source "ChessBase"]
[SourceDate "2021.10.06"]
[SourceVersion "1"]
[SourceVersionDate "2021.10.06"]
[SourceQuality "1"]
[WhiteTeam "Lipa ZVU Engineering"]
[BlackTeam "Rychnov nad Kneznou"]
[WhiteTeamCountry "CZE"]
[BlackTeamCountry "CZE"]

1. d4 Nf6 2. c4 g6 3. Nc3 d5 4. cxd5 Nxd5 5. e4 Nxc3 6. bxc3 Bg7 7. Bc4 c5 8. Ne2 Nc6 9. Be3 0-0 10. 0-0 Qc7 11. Rc1 Rd8 12. Qd2 Na5 13. Bd3 b6 14. Rfd1 Bb7 15. Qe1 Rac8 16. Bf4 e5 17. Bg3 Qe7 18. d5 c4 19. Bc2 Ba8 20. Ba4 Nb7 21. Bc6 Nd6 22. Bxa8 Rxa8 23. f3 b5 24. Rb1 Rdb8 25. Bf2 Qc7 26. Be3 a5 27. a3 Bf8 28. Qg3 Ne8 29. f4 f6 30. fxe5 fxe5 31. Ra1 Ng7 32. Rf1 Bd6 33. Qe1 Rf8 34. Ng3 Qe7 35. Qc1 Rxf1+ 36. Nxf1 Nh5 37. g3 Nf6 38. Bg5 Qa7+ 39. Be3 Bc5 40. Kg2 Nxe4 41. a4 Bxe3 42. Qxe3 Qxe3 43. Nxe3 Nxc3 44. axb5 Nxb5 45. Nxc4 a4 46. Nxe5 a3 47. Nc6 Kf7 48. Kf3 Nc3 49. Nb4 Ra5 50. Nc2 a2 51. Ne1 Nxd5 52. Nd3 Ra3 53. Ke4 Nc3+ 54. Kd4 Ne2+ 55. Kc4 Rc3+ 56. Kb4 Rxd3 57. Rxa2 Nxg3 0-1

[Event "CZE-chT2D 1011"]
[Site "Czech Republic"]
[Date "2011.02.06"]
[Round "7"]
[White "Novak, Ludek"]
[Black "Hajek, Jaroslav"]
[Result "1/2-1/2"]
[WhiteElo "1955"]
[BlackElo "2028"]
[PlyCount "45"]
[EventDate "2010.10.17"]
[EventType "team-tourn"]
[EventRounds "11"]
[EventCountry "CZE"]
[SourceTitle "EXT 2012"]
[Source "ChessBase"]
[SourceDate "2011.11.24"]
[SourceVersion "1"]
[SourceVersionDate "2011.11.24"]
[SourceQuality "1"]
[WhiteTeam "Litomysl"]
[BlackTeam "Zajecice"]
[WhiteTeamCountry "CZE"]
[BlackTeamCountry "CZE"]

1. c4 e5 2. Nc3 Nc6 3. g3 Nf6 4. Bg2 Be7 5. d3 0-0 6. e3 d6 7. Nge2 Bg4 8. h3 Be6 9. 0-0 d5 10. cxd5 Nxd5 11. d4 exd4 12. exd4 Qd7 13. Kh2 Bf6 14. Ne4 Be7 15. Nc5 Bxc5 16. dxc5 Rad8 17. Nf4 Nxf4 18. Qxd7 Rxd7 19. Bxf4 Rfd8 20. a3 Bd5 21. b4 Bxg2 22. Kxg2 f6 23. g4 1/2-1/2

[Event "Hradec Kralove op"]
[Site "Hradec Kralove"]
[Date "2010.05.16"]
[Round "2"]
[White "Novak, Ludek"]
[Black "Bartos, Jan"]
[Result "1/2-1/2"]
[WhiteElo "1987"]
[BlackElo "2201"]
[PlyCount "141"]
[EventDate "2010.05.15"]
[EventType "swiss"]
[EventRounds "9"]
[EventCountry "CZE"]
[SourceTitle "CBM 136 Extra"]
[Source "ChessBase"]
[SourceDate "2010.07.02"]
[SourceVersion "2"]
[SourceVersionDate "2010.07.15"]
[SourceQuality "1"]

1. d4 Nf6 2. c4 g6 3. Nc3 Bg7 4. e4 0-0 5. f3 Nc6 6. Be3 e5 7. Nge2 Nh5 8. d5 Na5 9. Nc1 b6 10. b4 Nb7 11. c5 a5 12. cxb6 cxb6 13. bxa5 bxa5 14. Nb5 f5 15. Bd3 Nf4 16. 0-0 Bh6 17. Kh1 Bg5 18. d6 Nxd3 19. Qxd3 Bxe3 20. Qxe3 Ra6 21. Qb3+ Kg7 22. Nd3 Nxd6 23. Nxd6 Rxd6 24. Nxe5 Re6 25. Nc4 fxe4 26. fxe4 Rxe4 27. Qc3+ Kg8 28. Nd6 Re6 29. Rxf8+ Qxf8 30. Nxc8 Rc6 31. Qb3+ Kg7 32. Na7 Qf6 33. Rb1 Re6 34. Qf3 Qd4 35. Nb5 Qd2 36. Qc3+ Qxc3 37. Nxc3 Re3 38. Rc1 Kf6 39. Kg1 Rd3 40. Kf2 Rd2+ 41. Kf3 Ke7 42. Re1+ Kd8 43. h4 Kc7 44. Re2 Rd3+ 45. Re3 Rd2 46. a3 d5 47. Ne2 Kd6 48. Nf4 Kc5 49. Rd3 Rxd3+ 50. Nxd3+ Kc4 51. Ke3 Kb3 52. Kd4 Kxa3 53. Kxd5 Kb3 54. Nc5+ Kc3 55. Na4+ Kd3 56. g4 Ke3 57. h5 Kf4 58. hxg6 hxg6 59. g5 Kxg5 60. Ke4 Kf6 61. Kf4 Ke6 62. Kg5 Kd5 63. Kxg6 Kc4 64. Kf5 Kb4 65. Nb2 Kb3 66. Nd3 Kc3 67. Nc5 Kb4 68. Nd3+ Kc4 69. Ke4 Kc3 70. Nc5 Kc4 71. Nd3 1/2-1/2

[Event "Janske Lazne op-A"]
[Site "Janske Lazne"]
[Date "2006.05.04"]
[Round "2"]
[White "Neubauer, Vilem"]
[Black "Novak, Ludek"]
[Result "1-0"]
[WhiteElo "1987"]
[BlackElo "2118"]
[PlyCount "99"]
[EventDate "2006.??.??"]
[EventType "swiss"]
[EventRounds "9"]
[EventCountry "CZE"]
[SourceTitle "EXT 2008"]
[Source "ChessBase"]
[SourceDate "2007.11.25"]
[SourceVersion "1"]
[SourceVersionDate "2007.11.25"]
[SourceQuality "1"]

1. f4 g6 2. Nf3 Bg7 3. g3 c5 4. Bg2 Nf6 5. 0-0 0-0 6. d3 d5 7. Nc3 d4 8. Ne4 Nxe4 9. dxe4 b6 10. Nxd4 Bxd4+ 11. e3 Ba6 12. Re1 Nc6 13. exd4 Nxd4 14. Kh1 Qc7 15. c3 Nc6 16. Be3 Rad8 17. Qf3 Bb7 18. g4 Na5 19. b3 Rd3 20. Rac1 Qc6 21. f5 Qf6 22. c4 Nc6 23. Qf1 Ne5 24. g5 Qd6 25. Bf4 Rd8 26. fxg6 fxg6 27. Qe2 Qe6 28. h3 R3d4 29. Bxe5 Qxe5 30. Qg4 Rd2 31. Re2 Rd1+ 32. Re1 R1d2 33. Re2 Rd1+ 34. Re1 Rxc1 35. Rxc1 Bc8 36. Qh4 Rd2 37. a4 Qb2 38. Rf1 Rxg2 39. Qf4 Bf5 40. exf5 gxf5 41. Qb8+ Kg7 42. Qc7 Re2 43. Qg3 Qd4 44. Qf3 e6 45. Qxe2 Qc3 46. Qf3 Qd2 47. Rd1 Qb2 48. h4 Qe5 49. h5 Qc7 50. Qd3 1-0

[Event "Hradec Kralove Region-chT 0506"]
[Site "Czech Republic"]
[Date "2006.02.05"]
[Round "7.1"]
[White "Novak, Ludek"]
[Black "Jirasek, Pavel"]
[Result "0-1"]
[WhiteElo "2126"]
[BlackElo "2169"]
[PlyCount "68"]
[EventDate "2005.10.23"]
[EventType "team-tourn"]
[EventRounds "11"]
[EventCountry "CZE"]
[SourceTitle "EXT 2024"]
[Source "ChessBase"]
[SourceDate "2023.10.10"]
[SourceVersion "1"]
[SourceVersionDate "2023.10.10"]
[SourceQuality "1"]
[WhiteTeam "Lipa II"]
[BlackTeam "Lipa"]
[WhiteTeamCountry "CZE"]
[BlackTeamCountry "CZE"]

1. d4 Nf6 2. c4 e6 3. Nc3 Bb4 4. Qc2 0-0 5. a3 Bxc3+ 6. Qxc3 b6 7. Bg5 Bb7 8. f3 c5 9. dxc5 bxc5 10. Bxf6 Qxf6 11. Qxf6 gxf6 12. e4 Nc6 13. Ne2 Ba6 14. Nc3 Rab8 15. Nb5 Bxb5 16. cxb5 Nd4 17. Rc1 d6 18. a4 a6 19. bxa6 Rxb2 20. Bd3 Rxg2 21. Rb1 Nxf3+ 22. Kf1 Ra2 23. Rb7 Rxa4 24. Kf2 Ne5 25. Rg1+ Kh8 26. a7 Nxd3+ 27. Ke3 Ne5 28. Rb8 Nd7 29. Rb7 Ra3+ 30. Ke2 Ra8 31. Rxd7 R3xa7 32. Rxd6 Ra2+ 33. Kd3 Ra1 34. Rxa1 Rxa1 0-1

[Event "Hradec Kralove Region-chT 0506"]
[Site "Czech Republic"]
[Date "2005.11.27"]
[Round "3.1"]
[White "Novak, Ludek"]
[Black "Novotny, Josef"]
[Result "1-0"]
[WhiteElo "2126"]
[BlackElo "2178"]
[PlyCount "65"]
[EventDate "2005.10.23"]
[EventType "team-tourn"]
[EventRounds "11"]
[EventCountry "CZE"]
[SourceTitle "EXT 2024"]
[Source "ChessBase"]
[SourceDate "2023.10.10"]
[SourceVersion "1"]
[SourceVersionDate "2023.10.10"]
[SourceQuality "1"]
[WhiteTeam "Lipa II"]
[BlackTeam "Rychnov nad Kneznou"]
[WhiteTeamCountry "CZE"]
[BlackTeamCountry "CZE"]

1. d4 d6 2. c4 e6 3. Nc3 Nf6 4. e4 Nc6 5. Nf3 h6 6. Be2 g6 7. d5 Ne7 8. 0-0 e5 9. h3 g5 10. Nh2 Ng6 11. Be3 Nf4 12. b4 Rg8 13. c5 a6 14. a4 Nxe2+ 15. Qxe2 g4 16. cxd6 gxh3 17. dxc7 Rxg2+ 18. Kh1 Qxc7 19. Rac1 Qd8 20. d6 Bd7 21. Qd3 Rc8 22. Rfd1 Rc6 23. Nd5 Nxd5 24. Qxd5 Be6 25. Qxe5 Rxd6 26. Rxd6 Qxd6 27. Qxd6 Bxd6 28. Nf3 Bg4 29. Ne1 Bxb4 30. Nxg2 Bf3 31. Kh2 hxg2 32. Kg3 h5 33. Kxf3 1-0